Science Quiz

Random Science or Animal Quiz

Penguin Species Quiz Stats

 Plays Quiz not verified by Sporcle

Also try: 'M' Natural World
Challenge
Share
Tweet
Embed
Score 0/17 Timer 05:00
0 Plays Today
Penguin Species % Correct
Emperor
88.5%
King
86.5%
Little
86.5%
Adelie
84.6%
Chinstrap
83.7%
Macaroni
80.8%
Gentoo
79.8%
Rockhopper
79.8%
African
78.8%
Penguin Species % Correct
Galapagos
77.9%
Humboldt
75%
Yellow-Eyed
73.1%
Erect-Crested
69.2%
Royal
64.4%
Fiordland
63.5%
Magellanic
62.5%
Snares
58.7%

You're not logged in!

Compare scores with friends on all Sporcle quizzes.
OR
Log In

You Might Also Like...

Show Comments

Extras

Created Jul 21, 2012ReportNominate
Tags:Animal Quiz, penguin

Top Quizzes Today


Score Distribution

Your Account Isn't Verified!

In order to create a playlist on Sporcle, you need to verify the email address you used during registration. Go to your Sporcle Settings to finish the process.

Report this User

Report this user for behavior that violates our Community Guidelines.

Details: